|
|
|
|
| LEADER |
00000naa a2200000ua 4500 |
| 001 |
vtls011090200 |
| 003 |
SK-MaSNL |
| 005 |
20260302141520.0 |
| 008 |
210910|2008 xo |||||||||||||||||slo| |
| 015 |
|
|
|a SNBRA
|
| 035 |
|
|
|a (urnnbn)urn:nbn:sk:snk:ar-a0cps2
|
| 035 |
|
|
|a (uuid)5b83a249-7361-4c34-b15c-6f081774baa1
|
| 035 |
|
|
|a urn:nbn:sk:snk-aavvj9
|
| 040 |
|
|
|a SNKBUCL
|b slo
|c SNKBUCL
|e AACR2
|
| 041 |
0 |
|
|a slo
|b ger
|
| 044 |
|
|
|a xo
|c SK
|
| 080 |
|
|
|a 726:27-523.42
|x (437.6)
|2 2011
|
| 100 |
1 |
|
|a Pivko, Daniel,
|d 1962-
|4 aut
|9 39145
|
| 245 |
1 |
0 |
|a Dekoračné a stavebné kamene kostolov centra Trnavy
|c Daniel Pivko
|
| 300 |
|
|
|b Fotogr.
|
| 504 |
|
|
|a Bibliogr. odkazy
|
| 546 |
|
|
|a Resw. nem.
|
| 650 |
0 |
7 |
|a kostoly
|2 ttkjf
|9 3023
|
| 650 |
0 |
7 |
|a dekoračné kamene
|2 ttkjf
|9 829024
|
| 650 |
0 |
7 |
|a kamene
|2 ttkjf
|9 742326
|
| 650 |
0 |
7 |
|a stavebné kamene
|2 ttkjf
|9 829025
|
| 651 |
|
7 |
|a Trnava (Slovensko)
|2 ttkjf
|9 19407
|
| 655 |
|
7 |
|a štúdie
|2 ttkjf
|9 57033
|
| 773 |
0 |
|
|t Pamiatky Trnavy a Trnavského kraja 11
|d Trnava : Krajský pamiatkový úrad, 2008
|g S. 39-46
|z 9788089175246
|
| 958 |
|
|
|a OND
|
| 958 |
|
|
|a NB
|
| 958 |
|
|
|a article12
|
| 958 |
|
|
|a chapter
|
| 999 |
|
|
|c 1335969
|d 1337899
|